Normal view
MARC view
- LOGIC CIRCUITS. MICROCOMPUTERS- DESIGN AND CONSTRUCTION.ELECTRONIC DIGITAL COMPUTERS-CIRCUITS
Entry Topical Term
001 - CONTROL NUMBER
- control field: 65652
003 - CONTROL NUMBER IDENTIFIER
- control field: NUST
005 - DATE AND TIME OF LATEST TRANSACTION
- control field: 20210628203453.0
008 - FIXED-LENGTH DATA ELEMENTS
- fixed length control field: 210628|| aca||aabn | a|a d
040 ## - CATALOGING SOURCE
- Original cataloging agency: NUST
- Transcribing agency: NUST
150 ## - HEADING--TOPICAL TERM
- Topical term or geographic name entry element: LOGIC CIRCUITS. MICROCOMPUTERS- DESIGN AND CONSTRUCTION.ELECTRONIC DIGITAL COMPUTERS-CIRCUITS
670 ## - SOURCE DATA FOUND
- Source citation: Work cat.: (NUST): Rafiquzzaman, M 9048, Fundamentals of digital logic and microcomputer design, 2005
